000 00574nam a2200193Ia 4500
005 20250326130844.0
008 250326s9999 xx 000 0 und d
020 _a0-471-21993-2
037 _aTextbook
040 _aFMSL
_beng
_cFMSL
041 _aeng
_2eng
084 _aX:74 P2
_qFMSL
100 _aMarcum D
_9741586
245 0 _abusiness Think : 8 rules for getting it right- now no matter what
_cMarcum D; Smith S And Others
260 _aNew York
_bNew York, John Wiley
_c2002
300 _a257p
942 _cTB
_hX:74 P2
999 _c1284410
_d1284410